000 00343nam a2200145Ia 4500
008 191201s2005 xx 000 0 und d
082 _a658.3
_bCHH
100 _aCHHABRA, T N
245 0 _aHuman Resource Management
250 _a5th
260 _aN.Delhi
_bDhanpat Rai Pub (P) Ltd
_c2005
300 _a824
650 _aMBA
942 _2ddc
_cBK
999 _c2375
_d2375